00930nam a2200217 a 4500001001000000005001700010008004100027041000800068044000700076050002300083245012000106260009700226300003200323500003000355500013900385504003100524610005400555650004600609650003700655700002000692BRCA_410520190320204540.0230310s2009----mx-a######---#000-0#spa-# aspa amx 4aN6555.6b.C66 200910aConfluenciasbdos siglos de modernidad en la colección BBVActextos y catalogación Javier Barón ... [et al.]. a[México]bFundación Bancomer : Patronato del Museo de San Carlos : INBA: CONACULTAc2009 a175 p.bil. a colorc29 cm. aIncluye índice de obras aCatálogo de la exposición realizada en el Museo Nacional de San Carlos (Ciudad de México), 11 noviembre, 2009 - 28 febrero, 2010 aBibliografía: p. 168-17524aGrupo BancomervExposicionesxColecciones de arte14aArte mexicanovExposicionesySiglo XIX-XX14aArtexHistoriazAmérica Latina1 aBarón, Javier